00692nam a2200181 a 450000100100000000500170001000800410002704000250006811000720009324500620016526000370022730000200026449000310028470000350031583000380035095201050038899900170049300002986620200930055851.0110426s1999 dr 000 0 spa d aDO-SdBNPbspacBNPHU2 aCentro Nacional de Investigaciones en Salud Materno Infantil95575710aAdolescencia y salud integral /ceditor Jeannette Báez. aSanto Domingo :bCENISMI,c1999. a15 p. ;c28 cm.1 aReuniones técnicasvv. 41 aBáez, Jeannette,eed.956613 0aReuniones técnicasvv. 4955759 0010718PDaPDbPDcCTd2011-04-26iLF1l0o p29866-10r2020-06-25w2020-06-25yLFPDZNo se presta c29358d29358